<The> United Kingdom's experience with inflation targeting

Uložené v:
Podrobná bibliografia
Hlavný autor: Lane, Timothy
Ďalší autori: Den Heuvel, Skander van
Médium: Kniha
Jazyk:English
Vydavateľské údaje: Washington IMF 1998
Edícia:IMF working paper WP/98/87
Predmet:
Tagy: Pridať tag
Žiadne tagy, Buďte prvý, kto otaguje tento záznam!

MARC

LEADER 00000nam a2200000 4500
001 c106766
005 20250509104108.1
041 0 |a eng 
044 |a US 
245 1 0 |a <The> United Kingdom's experience with inflation targeting  |c Prepared by Timothy Lane and Skander Van Den Heuvel 
264 1 |a Washington  |b IMF  |c 1998 
300 |a 27 s. 
490 1 |a IMF working paper  |v WP/98/87 
830 0 |a IMF working paper  |v WP/98/87 
610 2 0 |a inflácia 
610 2 0 |a politika peňažná 
610 2 0 |a peniaze 
610 2 0 |a ponuka 
610 2 0 |a kurz devízový 
610 2 0 |a rast hospodársky 
610 2 0 |a trh 
610 2 0 |a porovnanie medzinárodné 
610 2 0 |a modely 
610 2 0 |a Spojené kráľovstvo 
100 1 |a Lane, Timothy 
700 1 |a Den Heuvel, Skander van